Multivariable calculus

Αποθηκεύτηκε σε:
Λεπτομέρειες βιβλιογραφικής εγγραφής
Κύριος συγγραφέας: Anton, Howard
Μορφή: Βιβλίο
Γλώσσα:English
Δημοσίευση: New York : John Wiley & Sons, c1995
Έκδοση:5th ed.
Θέματα:
Ετικέτες: Προσθήκη ετικέτας
Δεν υπάρχουν, Καταχωρήστε ετικέτα πρώτοι!

MARC

LEADER 00000nam a2200000 i 4500
001 1/50271
008 980729s1995 eng d
020 |a 0-471-13909-2 
035 |l 10043835 
040 |a GR-MY-UA  |b gre  |e aacr 
041 0 |a eng 
082 0 |a 515 
100 1 |a Anton, Howard. 
245 1 0 |a Multivariable calculus /  |c Howard Anton ; in collaboration with Albert Herr 
250 |a 5th ed. 
260 |a New York :   |b John Wiley & Sons,   |c c1995 
300 |a 1 v. (various pagings);  |b ill.;  |c 26 cm. 
500 |a Consists of the multivariable portion of calculus with analytic geometry, 5th ed., Howard Anton, with added material. 
500 |a Includes index 
650 0 0 |a Calculus. 
852 |a INST  |b SAMOS  |e 19980729  |h 515 ANT  |p 005300010862  |q 005300010862  |t BK  |y 0 
901 |a BIBL-1998-2 
909 |a Σ  |b 057577 
922 |a 3ΕΛΗ  |b 199807  |c ΔΩΡ  |d JOHN WILEY